Catálogo
 En Linea

Las maripositas Mirabal / (Registro nro. 49207)

Detalles MARC
000 -CABECERA
campo de control de longitud fija 00648nam a22002177a 4500
003 - IDENTIFICADOR DEL NÚMERO DE CONTROL
campo de control OSt
005 - FECHA Y HORA DE LA ÚLTIMA TRANSACCIÓN
campo de control 20220531084007.0
007 - CAMPO FIJO DE DESCRIPCIÓN FÍSICA--INFORMACIÓN GENERAL
campo de control de longitud fija ta
008 - DATOS DE LONGITUD FIJA--INFORMACIÓN GENERAL
campo de control de longitud fija 201125e2007 dr a|||cr|||| 00| ddspa d
020 ## - NÚMERO INTERNACIONAL ESTÁNDAR DEL LIBRO
Número Internacional Estándar del Libro 9789993422969
040 ## - FUENTE DE LA CATALOGACIÓN
Centro catalogador/agencia de origen DO-SdBNP
Lengua de catalogación spa
Centro/agencia transcriptor BNPHU
041 ## - CÓDIGO DE LENGUA
Código de lengua original spa
082 ## - NÚMERO DE LA CLASIFICACIÓN DECIMAL DEWEY
Número de clasificación xxx
Número de documento/Ítem M671G
100 ## - ENTRADA PRINCIPAL--NOMBRE DE PERSONA
Nombre de persona Goede , Johanna .
Fechas asociadas al nombre 1955-
9 (RLIN) 51482
245 ## - MENCIÓN DE TÍTULO
Título Las maripositas Mirabal /
Mención de responsabilidad, etc. León , René , ilustraciones .
260 ## - PUBLICACIÓN, DISTRIBUCIÓN, ETC.
Lugar de publicación, distribución, etc. Puerto Plata :
Nombre del editor, distribuidor, etc. Nuevo Diario ,
Fecha de publicación, distribución, etc. 2007
300 ## - DESCRIPCIÓN FÍSICA
Extensión 31 pag.
Otras características físicas il. a color ;
Dimensiones 20 cm
500 ## - NOTA GENERAL
Nota general Incluye datos biográficos del la autora
700 ## - PUNTO DE ACCESO ADICIONAL--NOMBRE DE PERSONA
Nombre de persona León , René ,
Fechas asociadas al nombre 1948
Término indicativo de función/relación ilustraciones .
9 (RLIN) 76230
942 ## - ELEMENTOS DE PUNTO DE ACCESO ADICIONAL (KOHA)
Fuente del sistema de clasificación o colocación Dewey Decimal Classification
Tipo de ítem Koha Folleto
Existencias
Estado de retiro Estado de pérdida Fuente del sistema de clasificación o colocación No para préstamo Código de colección Localización permanente Ubicación/localización actual Ubicación en estantería Fecha de adquisición Fuente de adquisición Número de inventario Total de préstamos Signatura topográfica completa Código de barras Fecha visto por última vez Precio válido a partir de Tipo de ítem Koha Número de copia
    Dewey Decimal Classification Excluido de préstamo Patrimonio Dominicano Patrimonio Dominicano Patrimonio Dominicano En catalogación 19.08.2019 Donado por Irma Rodríguez LF1   xxx M671G 49207 25.11.2020 25.11.2020 Libro y Folleto Colección Patrimonio Dominicano  
    Dewey Decimal Classification Préstamo restrigido Patrimonio Dominicano Patrimonio Dominicano Patrimonio Dominicano Depósito 20.08.2019 Donado por irma Rodríguez LF1   xxx M671G 49207-20 25.11.2020 25.11.2020 Libro y Folleto Colección Patrimonio Dominicano e.2

Con tecnología Koha